000 01215cam a2200325 a 4500
001 2108255
003 OSt
005 20260109080000.0
008 961122s1997 enk b 001 0 eng
010 _a 96040019
020 _a9780521583268
040 _c.
082 _a303.6 MCC
245 0 0 _aViolence and childhood in the inner city /
_cedited by Joan McCord.
260 _aCambridge, UK ;
_aNew York :
_bCambridge University Press,
_c1997.
300 _axiii, 334 p. ;
_c24 cm.
440 0 _aCambridge criminology series
650 0 _aViolence
_zUnited States.
650 0 _aInner cities
_zUnited States.
650 0 _aChildren and violence
_zUnited States.
650 0 _aViolence in children
_zUnited States.
650 0 _aCity children
_zUnited States.
650 0 _aUrban youth
_zUnited States.
700 1 _aMcCord, Joan.
856 4 2 _uhttp://www.loc.gov/catdir/description/cam028/96040019.html
856 4 1 _3Table of contents
_uhttp://www.loc.gov/catdir/toc/cam026/96040019.html
942 _2ddc
_cBK
999 _c13050
_d13050